Where did they come from? Arsenal 2012-2013 Quiz Stats

 Plays Quiz not verified by Sporcle

Support Sporcle.
Go Orange.
Score 0/26 Timer 08:00
0 Plays Today
Players Clubs % Correct
Mikel ArtetaEverton
93.3%
Theo WalcottSouthampton
90.2%
Alex ChamberlainSouthampton
89.8%
Lukas PodolskiKoln
89%
Olivier GiroudMontpellier
85.2%
Santi CazorlaMalaga
85%
Andrei ArshavinZenit
84.3%
Aaron RamseyCardiff City
83.3%
Per MertesackerWerder Bremen
78.8%
Thomas VermaelenAjax
75.7%
Thomas RosickyBorussia Dortmund
73.8%
GervinhoLille
72.6%
Jack WilshereYouth Team
71.7%
Players Clubs % Correct
Marouane ChamakhBordeaux
68.6%
Kieran GibbsYouth Team
68.3%
Carl JenkinsonCharlton Athletic
63.3%
Wojciech SzczesnyYouth Team
60%
Francis CoquelinYouth Team
58.6%
Vito MannoneYouth Team
58.3%
Laurent KoscielnyLorient
57.9%
Johan DjourouYouth Team
54%
Bacary Sagna Auxerre
50%
Sebastian SquillaciSevilla
49.8%
Abou DiabyAuxerre
48.3%
Andre SantosFenerbahce
46.9%
Lukasz FabianskiLegia Warsaw
36.4%

You're not logged in!

Compare scores with friends on all Sporcle quizzes.
OR
Log In

From the Vault

TV Show by DVD Menu II

by WillieG

Menus - they're not just for food anymore.
Remove Ads.
Support Sporcle.
Get the best of Sporcle when you Go Orange. This ad-free experience offers more features, more stats, and more fun while also helping to support Sporcle. Thank you for becoming a member.

Show Comments

Extras

Created Dec 16, 2012ReportNominate
Tags:Premier League Quiz, Arsenal

Top Quizzes Today


Score Distribution

Your Account Isn't Verified!

In order to create a playlist on Sporcle, you need to verify the email address you used during registration. Go to your Sporcle Settings to finish the process.

Report this User

Report this user for behavior that violates our Community Guidelines.

Details: